Technológia zvárania 2022 - Technológia rozvoja priemyslu Európskej únie

Salvato in:
Dettagli Bibliografici
Ente Autore: Technológia zvárania 2022 Bratislava
Natura: Atti del Convegno Libro
Lingua:slovacco
Pubblicazione: Trnava : AlumniPress, 2022
Edizione:1. vyd.
Tags: Aggiungi Tag
Nessun Tag, puoi essere il primo ad aggiungerne!!

MARC

LEADER 00000nam a22000003a 4500
001 0098342
003 SK-STU
005 20221115104724.3
007 ta
008 221115s ----xo-----e------000-0-----d
020 |a 978-80-8096-294-4 
040 |a STU  |b slo 
041 0 |a slo 
044 |a xo 
111 2 |a Technológia zvárania 2022  |d 9. novembra 2022 :  |c Bratislava 
245 1 0 |a Technológia zvárania 2022 - Technológia rozvoja priemyslu Európskej únie 
250 |a 1. vyd. 
260 |a Trnava :  |b AlumniPress,  |c 2022 
996 |b 284M089163  |c M* CD-2783  |l MMKN  |s A  |a 24  |w 0098342_0001